| 000 | 00597cam a22001935i 4500 | ||
|---|---|---|---|
| 003 | OSt | ||
| 005 | 20210314135051.0 | ||
| 008 | 201023b ||||| |||| 00| 0 eng d | ||
| 040 | _cLibrary of Congress catalog card | ||
| 082 |
_a530 _bYOU |
||
| 100 |
_aYoung, Hugh D _93959 |
||
| 245 | 0 | 0 | _aSears and Zemansky's university physics with modern physics |
| 250 | _a14th ed. / | ||
| 260 |
_aindia. _bPearson, _c2018. |
||
| 300 |
_a1593p. _billustrations (some color) ; _c28 cm. |
||
| 526 |
_a0 _b0 _c0 _d530_000000000000000_YOU |
||
| 526 |
_a0 _b0 _c0 _d530_000000000000000_YOU |
||
| 942 |
_2ddc _cBK _2ddc |
||
| 999 |
_c554312 _d554312 |
||